Devine l'entreprise en 1 phrase #2 - Statistiques

Statistiques générales
  • Ce quiz a été pris 87 fois
  • Le résultat moyen est 9 sur 10
Statistiques - réponses
Phrases Entreprises % Correct
Multinationale sud-coréenne connue pour ses smartphones, téléviseurs et appareils électroménagers innovants. Samsung
96%
Cette chaîne de café fondée à Seattle est devenue une institution mondiale, reconnue pour ses boissons à base de café personnalisables. Starbucks
96%
Fondée en 1998, cette entreprise américaine a révolutionné la recherche sur Internet et domine aujourd'hui l'industrie de la publicité en ligne et des systèmes d'exploitation mobiles. Google
95%
Fondée en 1903, cette entreprise américaine a popularisé la production de masse de voitures avec un modèle iconique qui a changé le transport moderne. Ford
93%
Cette entreprise américaine a bouleversé l'industrie des taxis grâce à une application mobile permettant de commander des trajets instantanément. Uber
93%
Cette maison italienne est célèbre pour son logo représentant deux lettres entrelacées et ses créations prisées dans le monde de la haute couture. Gucci
89%
Entreprise fondée à Los Gatos en Californie, devenue un leader mondial du streaming avec des productions originales primées. Netflix
89%
Marque française emblématique de la beauté et du maquillage, connue pour son slogan "Parce que vous le valez bien." L'Oréal
84%
Cette société américaine est l'un des plus grands réseaux de cartes de crédit au monde et porte le nom d'un concept universel lié aux paiements. Visa
82%
Cette entreprise américaine est célèbre pour ses consoles de jeux et sa franchise légendaire "Halo". Xbox
75%
Aucun quiz correspondant
Distribution des résultats
% des personnes avec chaque résultat
Percentile par nombre de réponses
Votre historique - résultats
Vous n’avez pas pris ce quiz